000 00476nab a2200193 a 4500
001 23523
003 77311
005 20201118100332.0
008 ||||||n9999 ||| || ||
041 _aspa
245 0 _aElecciones: normas generales y calendario electoral para 1994
260 _aBogotá :
_bLegis,
_c1993.
300 _app. 1029-1034
562 _e0
650 _aLEYES
650 _aSISTEMAS ELECTORALES
773 _057819
_aLegislación
942 _cSART
999 _c23523
_d23523